Efectos adversos e interacciones de los fármacos antiepilépticos / (Record no. 177437)

MARC details
000 -LEADER
campo de control de longitud fija 00908nam a2200265 4500
001 - NÚMERO DE CONTROL
campo de control 177437
003 - IDENTIFICADOR DE NÚMERO DE CONTROL
campo de control ES-MaACL
005 - FECHA Y HORA DE LA ÚLTIMA TRANSACCIÓN
campo de control 20230906220329.0
008 - DATOS DE LONGITUD FIJA--INFORMACIÓN GENERAL
campo de control de longitud fija 110322s2000 sp d |||| | spa d
017 ## - NÚMERO DE COPYRIGHT O DE DEPÓSITO LEGAL
Número de copyright o de depósito legal M-47999-2000
080 ## - NÚMERO DE LA CLASIFICACIÓN DECIMAL UNIVERSAL
Número de la Clasificación Decimal Universal 615.213.015.2
080 ## - NÚMERO DE LA CLASIFICACIÓN DECIMAL UNIVERSAL
Número de la Clasificación Decimal Universal 615.213.065
245 00 - MENCIÓN DEL TÍTULO
Título Efectos adversos e interacciones de los fármacos antiepilépticos /
Mención de responsabilidad, etc. G.A. Cruz Campos, F.J. Vadillo Olmo, editores.
260 ## - PUBLICACIÓN, DISTRIBUCIÓN, ETC.
Lugar de publicación, distribución, etc. [Madrid :
Nombre del editor, distribuidor, etc. s.n.,
Fecha de publicación, distribución, etc. 2000] (
Fabricante NILO)
300 ## - DESCRIPCIÓN FÍSICA
Extensión 265 p. :
Otras características físicas gráf. ;
Dimensiones 24 cm.
504 ## - NOTA DE BIBLIOGRAFÍA, ETC.
Nota de bibliografía, etc. Referencias bibliográficas.
650 #7 - PUNTO DE ACCESO ADICIONAL DE MATERIA--TÉRMINO DE MATERIA
Término de materia o nombre geográfico como elemento de entrada Anticonvulsivos.
9 (RLIN) 145815
650 07 - PUNTO DE ACCESO ADICIONAL DE MATERIA--TÉRMINO DE MATERIA
Término de materia o nombre geográfico como elemento de entrada Medicamentos-
Subdivisión de forma Interacción.
9 (RLIN) 14887
650 #4 - PUNTO DE ACCESO ADICIONAL DE MATERIA--TÉRMINO DE MATERIA
Término de materia o nombre geográfico como elemento de entrada Epilepsia-
Subdivisión general Tratamiento.
9 (RLIN) 145816
700 1# - ENTRADA AGREGADA--NOMBRE PERSONAL
Nombre de persona Cruz Campos, G. A.
9 (RLIN) 145813
700 1# - ENTRADA AGREGADA--NOMBRE PERSONAL
Nombre de persona Vadillo Olmo, F. J.
9 (RLIN) 145814
852 ## - LOCALIZACIÓN
Ubicación ES-MaACL
itemnumber R-145336
Signatura antigua Olim:N-4074
Número de control de estantería A-11069
Ubicación en estantería Depósito 1
942 ## - ELEMENTOS DE ENTRADA SECUNDARIOS (KOHA)
Fuente del sistema de clasificación o colocación Clasificación decimal universal
Tipo de ítem Koha Libro impreso
Holdings
Estatus retirado Estado de pérdida Fuente del sistema de clasificación o colocación Estado de daño No para préstamo Biblioteca de origen Biblioteca actual Ubicación en estantería Fecha de adquisición Fuente de adquisición Total de préstamos Signatura topográfica completa Código de barras Visto por última vez Precio de reemplazo Tipo de ítem Koha
    Clasificación decimal universal     Biblioteca del Ateneo de Madrid Biblioteca del Ateneo de Madrid Depósito 1 22/03/2011 Donación   A-11069 1186361 23/02/2023 23/02/2023 Libro impreso